|
|
|
|
| LEADER |
00691cam a2200217ua 4500 |
| 008 |
060815t1996||||||||||| 00 ||hin c |
| 020 |
|
|
|a 81-86480-06-4
|
| 041 |
0 |
|
|a hin
|
| 082 |
|
|
|a H891.431 07
|b PKC/A
|
| 100 |
0 |
|
|a Chandran, P.K.
|
| 245 |
1 |
2 |
|a Adhunik Hindi kavya mein puran ke apmanit aur abhishapta patron ka prastutikaran /
|
| 260 |
|
|
|a New delhi:
|b Sadyak,
|c 1996.
|
| 300 |
|
|
|a 166p..
|
| 362 |
1 |
|
|a 1996.
|
| 365 |
|
|
|a Rs.150/.
|e hb
|
| 504 |
|
|
|a .
|
| 650 |
|
|
|a Poems- Hindi- criticism
|
| 650 |
0 |
|
|a Hindi literature
|
| 942 |
|
|
|c BK
|
| 999 |
|
|
|c 6594
|d 6594
|
| 952 |
|
|
|0 0
|1 0
|4 0
|6 H_891_431000000000000_07_PKC
|7 0
|9 6928
|a KUCL
|b KUCL
|d 2014-05-23
|l 0
|o H891.431 07 PKC/
|p 11781
|r 2014-05-23
|w 2014-05-23
|y BK
|